Sports Quiz

Random Sports or NBA Quiz
Score 0/19 Timer 20:00
0 Plays Today
Word % Correct
DON'T FORGET TO SUGGEST A NEW WORD IN THE COMMENTS!
100%
Slam dunk
36.8%
Hoop
36.8%
Three-pointer
32.2%
LeBron James
30%
Michael Jordan
29%
Net
24.6%
Layup
19.2%
NBA
18.3%
Court
17.1%
Word % Correct
Shaquille O'Neal
16.9%
Crossover
15.6%
Swish
13.8%
Buzzer beater
13.6%
Fast break
9.6%
Practice
8.9%
Quadruple-Double
7.4%
And-one
6.2%
Cinderella team
6.1%

You're not logged in!

Compare scores with friends on all Sporcle quizzes.
OR
Log In

Sporcle TV

Today on Sporcle TV


Watch our educational content, quiz creation guides, and fun videos on Sporcle TV.

Show Comments

Extras

Top Quizzes Today


Score Distribution

Paid Content

Your Account Isn't Verified!

In order to create a playlist on Sporcle, you need to verify the email address you used during registration. Go to your Sporcle Settings to finish the process.

Report this User

Report this user for behavior that violates our Community Guidelines.

Details: